Problemas de genética: ejercicios individuales con soluciones fundamentadas y datos reales sobre genética
Na minha lista:
| Autor principal: | |
|---|---|
| Formato: | Livro |
| Idioma: | espanhol |
| Publicado em: |
Santiago
Universitaria
1998
Santiago Universidad de Chile 1998 |
| coleção: | Colección Textos Universitarios. Manuales
|
| Assuntos: | |
| Tags: |
Adicionar Tag
Sem tags, seja o primeiro a adicionar uma tag!
|
MARC
| LEADER | 00000nam a2200000 a 4500 | ||
|---|---|---|---|
| 001 | UCL4484 | ||
| 003 | CL-VaPUC | ||
| 008 | 040116e19980000cl |||||||||||||||||spa|d | ||
| 020 | |a 9561113147 | ||
| 082 | 0 | 4 | |a 576 |b WAL |2 21 |
| 100 | 0 | |a Walker B., Laura I |e author |9 482003 | |
| 245 | 1 | 0 | |a Problemas de genética: ejercicios individuales con soluciones fundamentadas y datos reales sobre genética |
| 300 | |a 358 p | ||
| 942 | |c BK | ||
| 945 | |d 20040116 00:00:00 |a cmena | ||
| 260 | |a Santiago |b Universitaria |c 1998 | ||
| 260 | |a Santiago |b Universidad de Chile |c 1998 | ||
| 650 | 0 | |a Genética |9 259443 | |
| 650 | 0 | |a Herencia |9 256325 | |
| 650 | 7 | |a MUTAGENESIS |2 CL-VaPUC |9 361433 | |
| 583 | |a last modification |c 20171220 05:12:32 |k Rodrigo Vera | ||
| 490 | 0 | |a Colección Textos Universitarios. Manuales | |
| 999 | |c 307310 |d 307308 | ||
| 952 | |0 0 |1 0 |4 0 |6 576_000000000000000_WAL_1998_1998 |7 0 |8 A |9 373165 |a BIBCUR |b BIBCUR |d 2019-11-21 |i 3953130 |o 576 WAL 1998 1998 |p 3953130 |r 2025-04-22 |w 2019-11-21 |y BK |k BCB | ||
| 952 | |0 0 |1 0 |4 0 |6 576_000000000000000_WAL_1998_1998 |7 0 |8 A |9 373166 |a BIBCUR |b BIBCUR |d 2019-11-21 |i 3953149 |o 576 WAL 1998 1998 |p 3953149 |r 2025-04-22 |w 2019-11-21 |y BK |k BCB | ||